| 000 | 00813nam a22002417a 4500 | ||
|---|---|---|---|
| 003 | DO-SdBNP | ||
| 005 | 20240305124046.0 | ||
| 007 | ta | ||
| 008 | 210317s 2018 dr a 00| 0 spa d | ||
| 020 | _a9789945220308 v. 2 | ||
| 020 | _a9789945609752 v.1 | ||
| 040 |
_aDO-SdBNP _bspa _cBNPHU |
||
| 082 | 4 |
_aBNPHU 920.7 _bM553f _222 |
|
| 100 | 1 | 0 |
_aMercedes Eduardo, Ynocencio _d1948- _978162 |
| 245 | 1 | 0 |
_aForjadores del desarrollo de nagua : _bbiografìas / _cYnocencio Mercedes Eduardo |
| 260 |
_aSanto Domingo : _bBùho, _c2020 |
||
| 300 |
_a2V. _bil. ; _c24 cm |
||
| 500 | _aIncluye datos biográficos del autor en las solapas | ||
| 590 | _aInventariado, 2021 / DG | ||
| 651 | 1 | 4 |
_aRepública Dominicana _vBiografías _91083 |
| 910 | _aInventariado, 2021 / DG/Validado, Control de calidad MFF | ||
| 942 |
_2ddc _cLBS1 |
||
| 999 |
_c49604 _d49604 |
||